Código de procedimiento civil

Salvato in:
Dettagli Bibliografici
Natura: Libro
Lingua:spagnolo
Pubblicazione: Santiago Jurídica de Chile 1994
Edizione:12a. ed
Soggetti:
Tags: Aggiungi Tag
Nessun Tag, puoi essere il primo ad aggiungerne!!

MARC

LEADER 00000nam a2200000 a 4500
001 UCX8583
003 CL-VaPUC
008 940413e19940000CL |||||||||||||||||spa|d
082 0 4 |a 347.83  |b COD  |2 21 
245 1 0 |a Código de procedimiento civil 
250 |a 12a. ed 
300 |a 374 p 
942 |c BK 
945 |d 19940413 00:00:00  |a aalvarez 
260 |a Santiago  |b Jurídica de Chile  |c 1994 
500 |a Mensaje con que S.E. don Juan Antonio Rios M. acompañó al Congreso Nacional el proyecto de ley sobre modificaciones al código de procedimiento civil 
500 |a Apéndice actualizado a Enero de 1994 
650 0 |a Procedimiento civil  |9 254870 
651 7 |a CHILE  |2 CL-VaPUC  |9 325728 
583 |a last modification  |c 19940413 00:00:00  |k Rodrigo Vera 
999 |c 228036  |d 228034 
952 |0 0  |1 0  |2 ddc  |4 0  |6 347_830000000000000_COD_1994  |7 0  |8 FOND_LRYV  |9 227627  |a BIBDER  |b BIBDER  |d 2019-11-15  |i 2969408  |o 347.83 COD 1994  |p 2969408  |r 2023-01-25  |w 2019-11-15  |y BK_X  |k DER